| 000 | 00549nam a2200193Ia 4500 | ||
|---|---|---|---|
| 003 | GCL | ||
| 008 | 140319s9999 xx 000 0 ara d | ||
| 040 |
_aGCL / _cGCL |
||
| 082 | 0 | 4 |
_a922.1 _bم ح |
| 100 | 1 | _aمحمود شلبى | |
| 245 | 1 | 0 |
_aحياة طارق بن زياد فاتح الاندلس / _cمحمود شلبى |
| 260 |
_a[S.N] : _bدار الجيل ، _c1992 |
||
| 300 | _a254 | ||
| 490 | _a | ||
| 650 | 0 | 4 | _aفتح الاندلس |
| 650 | 0 | 4 | _aالاسلام - تراجم |
| 650 | 0 | 4 | _aطارق بن زياد |
| 942 |
_2ddc _cBK |
||
| 999 |
_c53687 _d53687 |
||